Biblioteca y Centro de Documentación

INEbase febrero '09 (Registro nro. 22060)

Detalles MARC
000 -CABECERA
Longitud fija campo de control 03024nam a2200517 c 4500
001 - NÚMERO DE CONTROL
Número de control 22060
003 - IDENTIFICADOR DE NÚMERO DE CONTROL
Identificador del número de control ES-MaCES
005 - FECHA Y HORA DE LA ÚLTIMA TRANSACCIÓN
Fecha y hora de la última transacción 20150925133419.0
008 - CAMPO FIJO DE DESCRIPCIÓN FIJA--INFORMACIÓN GENERAL
Códigos de información de longitud fija   090414s2009 sp d rs o000 | spa d
017 ## - NÚMERO DE REGISTRO DE DERECHOS DE AUTOR Y DEPÓSITO LEGAL
Número de copyright o de depósito legal M 3722-2004
Agencia que asigna el número DL
024 7# - OTROS IDENTIFICADORES
Número normalizado o código 605-09-004-X
Fuente del número o código nipo
035 ## - NÚMERO DE CONTROL DEL SISTEMA
Número de control del sistema CES20090004408m
040 ## - FUENTE DE CATALOGACIÓN
Centro catalogador de origen ES-MaCES
Lengua de catalogación spa
Centro transcriptor ES-MaCES
245 00 - MENCIÓN DE TÍTULO
Título INEbase febrero '09
Medio Recurso electrónico
Resto del título : Boletín mensual de estadística (BME), febrero 2009 ; Indicadores coyunturales : Índice de precios de consumo (IPC) base 2006 (...) ; Estadística de I+D 2007 ; Encuesta sobre innovación tecnológica en las empresas 2007 ; Estadística de transmisiones de derechos de la propiedad 2007 ; Encuesta sobre el gasto de los hogares en educación, módulo piloto de la EPF 2007 ; Encuesta de consumos energéticos 2007 ; Encuesta industrial de productos, años 2005-2007 ; Estadística de efectos de comercio impagados 2007 ; Encuesta sobre la estructura de las explotaciones agrícolas 2007 ; Encuesta industrial de empresas 2007 ; Relación de municipios y códigos por provincias a 1 de enero de 2009 ; Estimaciones de la población actual de España calculadas a partir del Censo de 2001, serie 2002-2009 a 1 de enero de 2009 ; Encuesta de presupuestos familiares, serie 2006-2007 ; Contabilidad nacional trimestral de España, base 2000, 4º trim. 2008 ; Contabilidad regional de España, base 2000, serie 2000-2007
Mención de responsabilidad, etc. Instituto Nacional de Estadística
260 ## - PUBLICACIÓN, DISTRIBUCIÓN, ETC (PIE DE IMPRENTA)
Lugar de publicación, distribución, etc. Madrid
Nombre del editor, distribuidor, etc. INE
Fecha de publicación, distribución, etc. [2009]
300 ## - DESCRIPCIÓN FÍSICA
Extensión 1 CD-ROM
Dimensiones 12 cm
500 ## - NOTA GENERAL
Nota general Tít. tomado de la etiqueta del CD-ROM
500 ## - NOTA GENERAL
Nota general Publ. seriada mensual (ISSN 1697-3259), que concentra en un único soporte el Boletín mensual de estadística (BME) y todas las publ. electrónicas, tanto monografías como publ. periódicas, que se publican a lo largo del mes. A su vez, toda la información se mantiene y consolida en la base de datos INEbase, de acceso gratuito en internet
500 ## - NOTA GENERAL
Nota general Características del sistema: sistema operativo windows 95/98
541 ## - NOTA DE LA FUENTE INMEDIANTE DE ADQUISICIÓN
Forma de adquisición Gratuito
650 #4 - ASIENTO SECUNDARIO DE MATERIA--TÉRMINO DE MATERIA
Término de materia o nombre geográfico como elemento inicial fijación del precio
9 (RLIN) 28285
650 #4 - ASIENTO SECUNDARIO DE MATERIA--TÉRMINO DE MATERIA
Término de materia o nombre geográfico como elemento inicial precio al consumidor
9 (RLIN) 27914
650 #4 - ASIENTO SECUNDARIO DE MATERIA--TÉRMINO DE MATERIA
Término de materia o nombre geográfico como elemento inicial producción industrial
9 (RLIN) 27653
650 #4 - ASIENTO SECUNDARIO DE MATERIA--TÉRMINO DE MATERIA
Término de materia o nombre geográfico como elemento inicial comercio minorista
9 (RLIN) 27952
650 #4 - ASIENTO SECUNDARIO DE MATERIA--TÉRMINO DE MATERIA
Término de materia o nombre geográfico como elemento inicial investigación y desarrollo
9 (RLIN) 28273
650 #4 - ASIENTO SECUNDARIO DE MATERIA--TÉRMINO DE MATERIA
Término de materia o nombre geográfico como elemento inicial transmisión de la empresa
9 (RLIN) 30833
650 #4 - ASIENTO SECUNDARIO DE MATERIA--TÉRMINO DE MATERIA
Término de materia o nombre geográfico como elemento inicial propiedad
9 (RLIN) 27144
650 #4 - ASIENTO SECUNDARIO DE MATERIA--TÉRMINO DE MATERIA
Término de materia o nombre geográfico como elemento inicial hogar
9 (RLIN) 27911
650 #4 - ASIENTO SECUNDARIO DE MATERIA--TÉRMINO DE MATERIA
Término de materia o nombre geográfico como elemento inicial gastos
9 (RLIN) 29793
650 #4 - ASIENTO SECUNDARIO DE MATERIA--TÉRMINO DE MATERIA
Término de materia o nombre geográfico como elemento inicial educación
9 (RLIN) 27367
650 #4 - ASIENTO SECUNDARIO DE MATERIA--TÉRMINO DE MATERIA
Término de materia o nombre geográfico como elemento inicial consumo de energía
9 (RLIN) 27752
650 #4 - ASIENTO SECUNDARIO DE MATERIA--TÉRMINO DE MATERIA
Término de materia o nombre geográfico como elemento inicial producto industrial
9 (RLIN) 27652
650 #4 - ASIENTO SECUNDARIO DE MATERIA--TÉRMINO DE MATERIA
Término de materia o nombre geográfico como elemento inicial España
9 (RLIN) 26964
650 #4 - ASIENTO SECUNDARIO DE MATERIA--TÉRMINO DE MATERIA
Término de materia o nombre geográfico como elemento inicial 2009
9 (RLIN) 31942
650 #4 - ASIENTO SECUNDARIO DE MATERIA--TÉRMINO DE MATERIA
Término de materia o nombre geográfico como elemento inicial encuesta
9 (RLIN) 28856
650 #4 - ASIENTO SECUNDARIO DE MATERIA--TÉRMINO DE MATERIA
Término de materia o nombre geográfico como elemento inicial datos estadísticos
9 (RLIN) 30765
650 #4 - ASIENTO SECUNDARIO DE MATERIA--TÉRMINO DE MATERIA
Término de materia o nombre geográfico como elemento inicial CD ROM
9 (RLIN) 30331
653 10 - TÉRMINO DE INDEXACIÓN--NO CONTROLADO
Término no controlado Estadísticas
650 #4 - ASIENTO SECUNDARIO DE MATERIA--TÉRMINO DE MATERIA
9 (RLIN) 28178
Término de materia o nombre geográfico como elemento inicial empresa
710 2# - ENCABEZAMIENTO SECUNDARIO--NOMBRE CORPORATIVO
Nombre de entidad o nombre de jurisdicción como elemento inicial Instituto Nacional de Estadística (España)
9 (RLIN) 4273
787 0# - ENTRADA DE OTRAS ESPECIFICACIONES
Título INEbase marzo '09
Número de control del registro relacionado (ES-MaCES)22161
787 0# - ENTRADA DE OTRAS ESPECIFICACIONES
Título INEbase enero '09
Número de control del registro relacionado (ES-MaCES)22005
902 ## - CES. TIPO DE DOCUMENTO
Tipodoc (006$c Sirtex) ELE PUB. ELECTRONICA
942 ## - ELEMENTOS KOHA
Fuente de clasificaión o esquema Clasificación propia del CES
Koha [por defecto] tipo de item Monografías
Parte de clasificación 8.0.
Existencias
Número de registro Signatura completa Tipo de item de Koha
073882 SR-CD-839 Monografías
© CES, Consejo Económico y Social de España 2021